Southville International School and Colleges
Your cart is empty.
  • Cart
  • Lists
    Public lists Eva Luna New books Lux_list list_1
    Your lists Log in to create your own lists
  • Log in to your account
  • Your cookies
  • Search history
Southville International School and Colleges
  • Advanced search
  • Recent comments
  • Most popular
  • Libraries

Log in to your account

Log in with GOOGLE


If you do not have an external account, but do have a local account, you can still log in:

  1. Home
  2. MARC view: Science surprises /
Normal view MARC view ISBD view

Science surprises / (Record no. 110092)

[ view plain ]
MARC details
000 -LEADER
fixed length control field 00634nam a2200181 a 4500
001 - CONTROL NUMBER
control field 3026
005 - DATE AND TIME OF LATEST TRANSACTION
control field 20140414131849.0
008 - FIXED-LENGTH DATA ELEMENTS--GENERAL INFORMATION
fixed length control field 060131s19uu xx 00 eng d
020 ## - INTERNATIONAL STANDARD BOOK NUMBER
International Standard Book Number 0-590-48401-X
050 ## - LIBRARY OF CONGRESS CALL NUMBER
Classification number M 507.8
Item number M34 1996
100 ## - MAIN ENTRY--PERSONAL NAME
Personal name Markle, Sandra
245 ## - TITLE STATEMENT
Title Science surprises /
Statement of responsibility, etc by Sandra Markle ; illustrated by Otani.
260 ## - PUBLICATION, DISTRIBUTION, ETC. (IMPRINT)
Place of publication, distribution, etc New York :
Name of publisher, distributor, etc Scholastic,
Date of publication, distribution, etc 1996.
300 ## - PHYSICAL DESCRIPTION
Extent 63 p. : ill. ; cm.
520 ## - SUMMARY, ETC.
Summary, etc You'll be amazed by these and other hands-on activties in this book. You will also read real-life science surprise stories!
650 ## - SUBJECT ADDED ENTRY--TOPICAL TERM
Topical term or geographic name as entry element Science - Experiments
General subdivision Juvenile literature.
Holdings
Withdrawn status Lost status Damaged status Use restrictions Home library Current library Shelving location Date acquired Source of acquisition Cost, normal purchase price Total Checkouts Full call number Barcode Date last seen Price effective from Koha item type
        Munich Library Munich Library Main Section 01/31/2006   95.00   M 507.8 M34 1996 M0377 04/14/2014 04/14/2014 Books

Science surprises /

APA

Markle S., . (1996). Science surprises. New York: Scholastic.

Chicago

Markle Sandra, . 1996. Science surprises. New York: Scholastic.

Harvard

Markle S., . (1996). Science surprises. New York: Scholastic.

MLA

Markle Sandra, . Science surprises. New York: Scholastic. 1996.

  • Place hold
  • Print
  • Cite
  • Add to your cart (remove)
  • Save record
    BIBTEX Dublin Core MARCXML MARC (non-Unicode/MARC-8) MARC (Unicode/UTF-8) MARC (Unicode/UTF-8, Standard) MODS (XML) RIS
  • More searches
    Search for this title in:
    Other Libraries (WorldCat) Other Databases (Google Scholar) Online Stores (Bookfinder.com) Open Library (openlibrary.org)

Exporting to Dublin Core...

SOUTHVILLE LIBRARY

Southville International School and Colleges Library

1281 Tropical Ave. Cor. Luxembourg St., BF Homes International, Las Pinas City

Tel. No. 8256374 / 252358 Loc. 117/146

Powered by Koha